Teoría e historia de la escritura y nociones de paleografía

Gespeichert in:
Bibliographische Detailangaben
1. Verfasser: Escribano e Iglesias, Lucio .
Format: Buch
Sprache:Spanisch
Erschienen: Madrid : Imprenta de La Enseñanza, 1924
Ausgabe:3ª ed. corr. y aum.
Katalog:MANES:  Suchergebnis im Bibliothekskatalog
Schulbuchspezifische Eigenschaften:
Schlagworte:
Tags: Tag hinzufügen
Keine Tags, Fügen Sie den ersten Tag hinzu!
Hinzugefügt zu:09.02.2019
Geändert in:07.05.2025

MARC

LEADER 00000cam a2200000 4500
005 20250507134540.0
008 190210S1924 0esp 0000 00spa0d
040 |a uned  |b spa  |c entro-manes 
041 0 |a spa 
100 2 |a Escribano e Iglesias, Lucio .  |9 40342 
245 1 0 |a Teoría e historia de la escritura y nociones de paleografía  |c por Lucio Escribano e Iglesias 
250 |a 3ª ed. corr. y aum. 
260 |a Madrid :  |b Imprenta de "La Enseñanza",  |c 1924 
300 |a 286, XIII, 11 p. 
546 |a España 
561 |5 es-BUNED  |3 L.T. 1782  |a España. Fondo Manes UNED  |k MANES 
690 0 |a EyL  |a HI 
650 7 |a Paleografía  |9 38260 
942 |2 ddc  |c BK 
999 |c 96992  |d 96992 
999 |c manes:96992  |d 96992